000 00512nam a2200193Ia 4500
005 20221116113950.0
008 131103s9999 xx 000 0 und d
040 _aLoreto College
041 _aEnglish
082 _a954.03
_bGOP
100 _aGopal,Ram
245 _aBritish rule in India
_cRam Gopal
260 _aBombay
_bAsia Publishing House
_c1963
300 _a364 p.
504 _aIncludes index and bibliographical references
650 _aIndia - Modern History
850 _aLCLIB
942 _cBK
999 _c9756
_d60235